Sobre las órbitas de los planetas de Hegel. Comentario y reconstrucción histórica de la crítica Hegeliana al mecanicismo.
שמור ב:
| מחבר ראשי: | |
|---|---|
| מחברים אחרים: | |
| פורמט: | ספר |
| יצא לאור: |
Lima, Perú:
Ande,
2023.
|
| מהדורה: | Primera edición |
| סדרה: | Colección Contradictio est regula veri
|
| נושאים: | |
| תגים: |
הוספת תג
אין תגיות, היה/י הראשונ/ה לתייג את הרשומה!
|
MARC
| LEADER | 00000nam a22000007a 4500 | ||
|---|---|---|---|
| 003 | CL-VaPUC | ||
| 005 | 20230427083800.0 | ||
| 008 | 230413t2023 ||||| |||| 00| 0 eng d | ||
| 999 | |c 440527 |d 440525 | ||
| 020 | |a 978-612-48818-7-8 | ||
| 040 | |c Pontificia Universidad Católica de Valparaíso | ||
| 082 | 0 | 4 | |2 22 |a 113 MAR 2023 |
| 100 | 1 | |a Martínez Morales, Ignacio Edmundo |e autor |9 881463 | |
| 245 | 1 | 0 | |a Sobre las órbitas de los planetas de Hegel. |b Comentario y reconstrucción histórica de la crítica Hegeliana al mecanicismo. |
| 250 | |a Primera edición | ||
| 260 | |a Lima, Perú: |b Ande, |c 2023. | ||
| 300 | |a 273 páginas. | ||
| 490 | 0 | |a Colección Contradictio est regula veri | |
| 500 | |a c.1 Donación Autor. Memo HIS/005 2023. | ||
| 583 | |c 20230413 |k Catalogador Asistente | ||
| 600 | |a Hegel, Georg Wilhelm Friedrich |e 1770-1831 |9 881641 |x Mecanicismo |x Crítica e interpretación | ||
| 650 | 1 | |a Filosofía de la naturaleza |9 265899 | |
| 650 | 1 | |a Idealismo alemán |9 268681 | |
| 650 | 1 | |a Filosofía alemana |9 265002 | |
| 700 | |a Pérez Soto, Carlos |e prólogo |9 881642 | ||
| 942 | |2 ddc |c BK | ||
| 952 | |0 0 |1 0 |2 ddc |4 0 |6 113_000000000000000_MAR_2023 |7 0 |8 A |9 589623 |a BIBHIS |b BIBHIS |d 2023-04-13 |e Donación |i 5657129 |l 1 |o 113 MAR 2023 |p 5657129 |r 2025-01-20 |s 2023-11-14 |t 1 |w 2023-04-13 |y BK |k HIS | ||